=LDR 00000nam 2200000 4500 =001 INLIS000000000041223 =005 20130612150753 =008 ***********************************ind** =035 ##$$a0010-061300000041223 =041 ##$$a ind =082 ##$$a 813 =090 ##$$a 813, Ayu s =100 ##$$a AYU, Jenar Meisa =245 ##$$a 1 Perempuan 14 laki-laki kumpulan cerpen, Jenar maesa ayu =260 ##$$a 2011 $b 6aJakarta =300 ##$$a 124 Hlm, 20 cm =650 ##$$a FIKSI =850 ##$$a NBPNMAT =990 ##$$a 91084/BPAP-NTB/2014 =990 ##$$a 93606/BPAP-NTB/2014 =990 ##$$a 0001/BPAP-NTB/20142014